[Event "Satu Mare Szabo Memorial"]
[Site "Satu Mare"]
[Date "2019.08.08"]
[Round "9"]
[White "Ursente, Tudor Alexandru"]
[Black "Revencu, Leon"]
[Result "1-0"]
[WhiteElo "1983"]
[BlackElo "1859"]
[PlyCount "115"]
[EventDate "2019.08.02"]
[EventType "swiss"]
[EventRounds "9"]
[EventCountry "ROU"]
[SourceTitle "CBM 191 Extra"]
[Source "ChessBase"]
[SourceDate "2019.09.30"]
[SourceVersion "1"]
[SourceVersionDate "2019.09.30"]
[SourceQuality "1"]

1. d4 d5 2. c4 c6 3. Nc3 Nf6 4. Nf3 a6 5. cxd5 cxd5 6. Qc2 Nc6 7. Bg5 h6 8. Bh4 e6 9. e3 Be7 10. Be2 0-0 11. 0-0 Nd7 12. Bxe7 Qxe7 13. Na4 Qd6 14. Rac1 e5 15. dxe5 Ncxe5 16. Qc7 Qxc7 17. Rxc7 b5 18. Nc3 Nxf3+ 19. Bxf3 Ne5 20. Bxd5 Rb8 21. Ne4 Nd3 22. Nd6 Be6 23. Bxe6 fxe6 24. b3 Rfd8 25. Ne4 Rdc8 26. Re7 Rb6 27. h3 Rc2 28. Rd1 Rc1 29. Rxc1 Nxc1 30. Nc5 Nxa2 31. Nxe6 Nc1 32. Nd4 Na2 33. Kf1 Nc3 34. Ra7 Kh7 35. Ke1 Kg6 36. f3 Kf6 37. Kd2 b4 38. Rc7 Nd5 39. Rc6+ Rxc6 40. Nxc6 Ke6 41. e4 Nf4 42. g3 Nxh3 43. Nxb4 h5 44. Nxa6 Nf2 45. Ke3 Nh1 46. Kf4 Kf6 47. e5+ Ke6 48. Nc5+ Ke7 49. b4 Nf2 50. b5 Nh3+ 51. Kf5 Kf7 52. e6+ Ke7 53. b6 h4 54. b7 g6+ 55. Kg4 Nf2+ 56. Kxh4 g5+ 57. Kh5 Ne4 58. Nxe4 1-0

[Event "Satu Mare Szabo Memorial"]
[Site "Satu Mare"]
[Date "2019.08.06"]
[Round "7"]
[White "Ionescu, Irina"]
[Black "Revencu, Leon"]
[Result "1-0"]
[WhiteElo "2217"]
[BlackElo "1859"]
[PlyCount "39"]
[EventDate "2019.08.02"]
[EventType "swiss"]
[EventRounds "9"]
[EventCountry "ROU"]
[SourceTitle "EXT 2021"]
[Source "ChessBase"]
[SourceDate "2020.10.23"]
[SourceVersion "1"]
[SourceVersionDate "2020.10.23"]
[SourceQuality "1"]

1. e4 c5 2. Nf3 e6 3. d3 Nc6 4. g3 g6 5. Bg2 Bg7 6. 0-0 Nge7 7. c3 0-0 8. Re1 e5 9. Be3 b6 10. d4 cxd4 11. cxd4 d5 12. Nxe5 Nxe5 13. dxe5 Bxe5 14. exd5 Bxb2 15. Bg5 f6 16. d6 Bxa1 17. dxe7 Qxd1 18. exf8Q+ Kxf8 19. Rxd1 Bg4 20. Bh6+ 1-0

[Event "Satu Mare Szabo Memorial"]
[Site "Satu Mare"]
[Date "2019.08.02"]
[Round "1"]
[White "Terletsky, Oleg"]
[Black "Revencu, Leon"]
[Result "1-0"]
[WhiteElo "2322"]
[BlackElo "1859"]
[PlyCount "61"]
[EventDate "2019.08.02"]
[EventType "swiss"]
[EventRounds "9"]
[EventCountry "ROU"]
[SourceTitle "CBM 191 Extra"]
[Source "ChessBase"]
[SourceDate "2019.09.30"]
[SourceVersion "1"]
[SourceVersionDate "2019.09.30"]
[SourceQuality "1"]

1. e4 c5 2. Nf3 e6 3. d4 cxd4 4. Nxd4 a6 5. Nc3 b5 6. Bd3 Qb6 7. Nf3 Bb7 8. 0-0 d6 9. a4 b4 10. a5 Qc7 11. Na4 Nd7 12. Be3 Ngf6 13. Nb6 Rb8 14. Qe2 Nxe4 15. Bxa6 Bxa6 16. Qxa6 Nec5 17. Qb5 d5 18. c3 b3 19. Rfe1 Bd6 20. Bxc5 Bxc5 21. Ne5 Bxb6 22. axb6 Rxb6 23. Ra8+ Ke7 24. Qxd7+ Qxd7 25. Nxd7 Rxa8 26. Nxb6 Ra2 27. Nxd5+ Kd8 28. Ne3 Rxb2 29. g3 Ra2 30. Rb1 b2 31. Kg2 1-0

[Event "Arad op 12th"]
[Site "Arad"]
[Date "2019.07.24"]
[Round "1"]
[White "Revencu, Leon"]
[Black "Ahlander, Bjorn"]
[Result "1/2-1/2"]
[WhiteElo "1859"]
[BlackElo "2391"]
[PlyCount "135"]
[EventDate "2019.07.24"]
[EventType "swiss"]
[EventRounds "9"]
[EventCountry "ROU"]
[SourceTitle "CBM 191 Extra"]
[Source "ChessBase"]
[SourceDate "2019.09.30"]
[SourceVersion "1"]
[SourceVersionDate "2019.09.30"]
[SourceQuality "1"]

1. d4 Nf6 2. Nf3 e6 3. e3 c5 4. Bd3 d5 5. b3 Nc6 6. Bb2 Be7 7. 0-0 0-0 8. a3 b6 9. Nbd2 Bb7 10. Ne5 Nxe5 11. dxe5 Ne4 12. Bxe4 dxe4 13. Nc4 Bd5 14. Qg4 f5 15. exf6 Bxf6 16. Bxf6 Rxf6 17. Rad1 Rg6 18. Qf4 Qe7 19. Ne5 Rg5 20. h4 Rf5 21. Qg3 Rd8 22. c4 Bb7 23. f4 exf3 24. Nxf3 Rxd1 25. Rxd1 Bxf3 26. gxf3 h6 27. Kf2 Kh7 28. Qg4 Qc7 29. Qg3 Qb7 30. Qg4 h5 31. Qg3 Qf7 32. Ke2 Rf6 33. Rg1 Qb7 34. e4 Qf7 35. Qe5 g6 36. Qg5 Rxf3 37. Qxg6+ Qxg6 38. Rxg6 Rxb3 39. Rxe6 Rxa3 40. Re5 Kg6 41. Rg5+ Kf6 42. Rxh5 Rc3 43. Rh7 Rxc4 44. Ke3 Ra4 45. Kf4 c4 46. h5 Ra1 47. Rc7 Rf1+ 48. Kg4 b5 49. h6 Rh1 50. h7 Kg6 51. Rxa7 c3 52. Rb7 c2 53. Rc7 Rxh7 54. Rc6+ Kf7 55. Rxc2 Ke6 56. Rb2 Rb7 57. Kf4 Kd6 58. e5+ Kd5 59. Rd2+ Kc4 60. e6 b4 61. Ke5 b3 62. Kd6 b2 63. Rc2+ Kd4 64. Rxb2 Rxb2 65. e7 Rb8 66. Kd7 Kd5 67. e8Q Rxe8 68. Kxe8 1/2-1/2